000 00543nam a2200181Ia 4500
005 20250326142818.0
008 250326s9999 xx 000 0 und d
037 _aTextbook
040 _aFMSL
_beng
_cFMSL
041 _aeng
_2eng
084 _aX:321:(SNI) M4
_qFMSL
100 _aSethi A S
_979903
245 0 _aHandbook of organizational stress coping strategies
_cSethi A S; Schuler R S
260 _aNew Delhi
_bNew Delhi, Ballinger
_c1984
300 _a334p
942 _cTB
_hX:321:(SNI) M4
999 _c1296744
_d1296744